Eastern Utah Libraries Catalog: Duchesne, Heber, Roosevelt, & Vernal

Unspoken / (Record no. 278933)

MARC details
000 -LEADER
fixed length control field 02696cam a2200529 a 4500
001 - CONTROL NUMBER
control field ocn772138761
003 - CONTROL NUMBER IDENTIFIER
control field OCoLC
005 - DATE AND TIME OF LATEST TRANSACTION
control field 20200320190425.0
008 - FIXED-LENGTH DATA ELEMENTS--GENERAL INFORMATION
fixed length control field 120229s2012 nyu d 000 1 eng
010 ## - LIBRARY OF CONGRESS CONTROL NUMBER
LC control number 2012001954
020 ## - INTERNATIONAL STANDARD BOOK NUMBER
International Standard Book Number 9780375870415 (hbk.)
020 ## - INTERNATIONAL STANDARD BOOK NUMBER
International Standard Book Number 0375870415 (hbk.)
020 ## - INTERNATIONAL STANDARD BOOK NUMBER
International Standard Book Number 9780375970412 (lib. bdg.)
020 ## - INTERNATIONAL STANDARD BOOK NUMBER
International Standard Book Number 037597041X (lib. bdg.)
029 1# - (OCLC)
OCLC library identifier NZ1
System control number 14273801
035 ## - SYSTEM CONTROL NUMBER
System control number (OCoLC)772138761
040 ## - CATALOGING SOURCE
Original cataloging agency DLC
Language of cataloging eng
Transcribing agency DLC
Modifying agency IG#
-- BTCTA
-- BDX
-- YDXCP
-- CO2
-- OCLCO
-- IK2
-- JBL
-- NZWHC
-- VP@
-- WACOL
049 ## - LOCAL HOLDINGS (OCLC)
Holding library WACL
050 00 - LIBRARY OF CONGRESS CALL NUMBER
Classification number PZ7.B751645
Item number Uns 2012
082 00 - DEWEY DECIMAL CLASSIFICATION NUMBER
Classification number [Fic]
Edition number 23
084 ## - OTHER CLASSIFICATION NUMBER
Classification number JUV026000
-- JUV018000
Source of number bisacsh
092 ## - LOCALLY ASSIGNED DEWEY CALL NUMBER (OCLC)
Classification number young adult
Item number Bre
100 1# - MAIN ENTRY--PERSONAL NAME
Personal name Brennan, Sarah Rees.
9 (RLIN) 5874031
245 10 - TITLE STATEMENT
Title Unspoken /
Statement of responsibility, etc Sarah Rees Brennan.
250 ## - EDITION STATEMENT
Edition statement 1st ed.
260 ## - PUBLICATION, DISTRIBUTION, ETC. (IMPRINT)
Place of publication, distribution, etc New York :
Name of publisher, distributor, etc Random House,
Date of publication, distribution, etc c2012.
300 ## - PHYSICAL DESCRIPTION
Extent 373 p. ;
Dimensions 22 cm.
490 1# - SERIES STATEMENT
Series statement The Lynburn legacy ;
Volume number/sequential designation bk. 1
520 ## - SUMMARY, ETC.
Summary, etc "Kami Glass is in love with someone she's never met--a boy she's talked to in her head since she was born. This has made her an outsider in the sleepy English town of Sorry-in-the-Vale, but she has learned ways to turn that to her advantage. Her life seems to be in order, until disturbing events begin to occur. There has been screaming in the woods and the manor overlooking the town has lit up for the first time in 10 years. The Lynburn family, who ruled the town a generation ago and who all left without warning, have returned. Now Kami can see that the town she has known and loved all her life is hiding a multitude of secrets--and a murderer. The key to it all just might be the boy in her head. The boy she thought was imaginary is real, and definitely and deliciously dangerous"--
-- Provided by publisher.
521 ## - TARGET AUDIENCE NOTE
Target audience note young adult
Source junior library guild
650 #0 - SUBJECT ADDED ENTRY--TOPICAL TERM
Topical term or geographic name as entry element Magic
Form subdivision Juvenile fiction.
9 (RLIN) 5673690
650 #0 - SUBJECT ADDED ENTRY--TOPICAL TERM
Topical term or geographic name as entry element Magicians
Form subdivision Juvenile fiction.
9 (RLIN) 5691284
651 #0 - SUBJECT ADDED ENTRY--GEOGRAPHIC NAME
Geographic name England
Form subdivision Juvenile fiction.
9 (RLIN) 5673696
650 #7 - SUBJECT ADDED ENTRY--TOPICAL TERM
Topical term or geographic name as entry element JUVENILE FICTION / Love & Romance.
Source of heading or term bisacsh
9 (RLIN) 5679136
650 #7 - SUBJECT ADDED ENTRY--TOPICAL TERM
Topical term or geographic name as entry element JUVENILE FICTION / Horror & Ghost Stories.
Source of heading or term bisacsh
9 (RLIN) 5675733
655 #7 - INDEX TERM--GENRE/FORM
Genre/form data or focus term Horror fiction.
Source of term gsafd
9 (RLIN) 5874032
800 1# - SERIES ADDED ENTRY--PERSONAL NAME
Personal name Brennan, Sarah Rees.
Title of a work Lynburn legacy ;
Volume/sequential designation bk. 1.
9 (RLIN) 5874033
856 42 - ELECTRONIC LOCATION AND ACCESS
Materials specified Cover image
Uniform Resource Identifier <a href="978-0-375-87041-5.jpg">978-0-375-87041-5.jpg</a>
938 ## -
-- Ingram
-- INGR
-- 9780375870415
938 ## -
-- Baker and Taylor
-- BTCP
-- BK0010671144
938 ## -
-- Brodart
-- BROD
-- 102550018
-- $21.99
938 ## -
-- YBP Library Services
-- YANK
-- 9622290
942 ## - ADDED ENTRY ELEMENTS (KOHA)
Koha item type BOOK
948 ## - LOCAL PROCESSING INFORMATION (OCLC); SERIES PART DESIGNATOR (RLIN)
Series part designator, SPT (RLIN) 10/05/2012
z (OCLC) Sirsi
994 ## -
-- 02
-- WACOL
996 ## -
-- 93427
-- 34301001094343
-- YA
-- bk
-- wcl
-- i
-- 24
-- 18.99
-- junior library guild
-- Bre
-- 10/31/2012
-- 02/16/2019
-- 01/30/2019
Holdings
Withdrawn status Lost status Source of classification or shelving scheme Damaged status Not for loan Collection code Home library Current library Shelving location Date acquired Source of acquisition Serial Enumeration / chronology Total Checkouts Full call number Barcode Date last seen Date checked out Cost, replacement price Price effective from Koha item type
    Dewey Decimal Classification     Young Adult Fiction Wasatch County Library Wasatch County Library Main Floor Teen Area 06/20/2023 Amazon #1 Lynburn Legacy 2 YA Brennan 34301002030585 03/04/2026 02/18/2026 13.99 06/20/2023 BOOK
This project was made possible through a grant from the Institute of Museum and Library Service administered by the Utah State Library Division.

Wasatch County Library

  • 465 East 1200 South, Heber City, Utah 84032
  • Phone 435-654-1511 | Fax 435-654-6456

Hours

  • Monday - Friday 9:30 AM - 8:00 PM
  • Saturday 9:30 AM - 1:30 PM
  • Closed Sundays and Holidays